[Event "FRA-chT1 0910"]
[White "Lamorelle, Camille"]
[Black "Bonvalot, Isabelle"]
[Site "France"]
[Round "3.8"]
[Result "1-0"]
[Date "2009.10.18"]
[WhiteElo "1758"]
[BlackElo "1925"]
[PlyCount "71"]
[EventDate "2009.09.27"]
[EventType "team-tourn"]
[EventRounds "11"]
[EventCountry "FRA"]
[SourceTitle "EXT 2011"]
[Source "ChessBase"]
[SourceDate "2010.11.26"]
[SourceVersion "1"]
[SourceVersionDate "2010.11.26"]
[SourceQuality "1"]

1. e4 g6 2. d4 Bg7 3. c3 d6 4. f4 a6 5. Bd3 Nd7 6. Nf3 c5 7. d5 b5 8. a4 c4 9. Bc2 Qa5 10. Nbd2 Nc5 11. 0-0 Nh6 12. h3 0-0 13. Nd4 Bb7 14. N2f3 Rac8 15. f5 gxf5 16. Bxh6 Bxh6 17. Nxf5 Bg7 18. Nxe7+ Kh8 19. Nxc8 Bxc8 20. Kh1 Qc7 21. axb5 axb5 22. Nd4 Bd7 23. Qh5 Be8 24. e5 f5 25. Qh4 Bxe5 26. Rxf5 Rg8 27. Raf1 Nd3 28. Rf8 Qg7 29. Rxg8+ Qxg8 30. Qe7 Nf4 31. Rxf4 Bxf4 32. Qf6+ Qg7 33. Qxf4 Bd7 34. Qxd6 Qf7 35. Nf3 Bxh3 36. Qb8+ 1-0

[Event "FRA-chT2S"]
[White "Verot, Melanie"]
[Black "Lamorelle, Camille"]
[Site "France"]
[Round "7.9"]
[Result "1-0"]
[Date "2003.02.02"]
[WhiteElo "2044"]
[BlackElo "1660"]
[PlyCount "57"]
[EventDate "2002.10.??"]
[EventType "team-tourn"]
[EventRounds "11"]
[EventCountry "FRA"]
[SourceTitle "EXT 2004"]
[Source "ChessBase"]
[SourceDate "2003.11.25"]
[SourceVersion "1"]
[SourceVersionDate "2003.11.25"]
[SourceQuality "1"]

1. d4 d5 2. c4 c6 3. Nc3 Nf6 4. e3 e6 5. Nf3 Bb4 6. Bd3 0-0 7. 0-0 Nbd7 8. Qe2 Re8 9. e4 dxe4 10. Nxe4 Nxe4 11. Bxe4 Nf6 12. c5 Nxe4 13. Qxe4 Qd5 14. Qc2 Ba5 15. Bf4 b5 16. a3 Bd8 17. Rfe1 f6 18. Rad1 a5 19. b4 axb4 20. axb4 Ra2 21. Qc3 Qf5 22. Qb3 Qc2 23. Qxc2 Rxc2 24. d5 cxd5 25. Rxd5 Bb7 26. Rd3 e5 27. Nd4 Rc4 28. Bd2 Re7 29. Nf5 1-0

[Event "FRA-ch U18 Girls"]
[White "Roos, Louise"]
[Black "Lamorelle, Camille"]
[Site "Hyeres"]
[Round "6.10"]
[Result "1-0"]
[Date "2002.??.??"]
[WhiteElo "1720"]
[BlackElo "1600"]
[PlyCount "117"]
[EventDate "2002.04.05"]
[EventType "swiss"]
[EventRounds "9"]
[EventCountry "FRA"]
[SourceTitle "EXT 2003"]
[Source "ChessBase"]
[SourceDate "2002.11.25"]
[SourceVersion "1"]
[SourceVersionDate "2002.11.25"]
[SourceQuality "1"]

1. e4 d5 2. exd5 Qxd5 3. Nc3 Qa5 4. Bc4 Nf6 5. d3 Nc6 6. Bd2 Qb4 7. Nb5 Qxb2 8. Bc3 Qxa1 9. Bxa1 Kd8 10. Bxf6 exf6 11. Bxf7 Ne5 12. Bh5 Bf5 13. Nd4 Bb4+ 14. Kf1 Bd7 15. Be2 Re8 16. h3 Ng6 17. Qb1 c5 18. Ndf3 Rc8 19. g3 Bc6 20. Kg2 Rc7 21. Qb2 Rce7 22. c3 Ba5 23. Bd1 Re1 24. Be2 R8xe2 25. Nxe2 Bxf3+ 26. Kxf3 Rxh1 27. Kg2 Re1 28. Ng1 Re7 29. Nf3 Bb6 30. Qb3 Nf8 31. Qc4 Ne6 32. h4 Re8 33. Qd5+ Kc8 34. Qf5 h6 35. h5 Kc7 36. Nh4 Ng5 37. Qg6 Re7 38. Nf5 Rd7 39. Nxg7 Nf7 40. Qxf6 Kc8 41. Qe6 Bd8 42. Nf5 Kc7 43. Nxh6 Re7 44. Qxf7 Rxf7 45. Nxf7 Bf6 46. h6 Bxc3 47. h7 Kd7 48. f4 Bg7 49. h8Q Bxh8 50. Nxh8 Ke6 51. Kf3 Kf6 52. Ke4 Kg7 53. Kd5 Kxh8 54. Kxc5 Kg7 55. g4 Kf6 56. d4 Ke6 57. d5+ Kd7 58. d6 Ke6 59. f5+ 1-0